000 00629nam a2200193Ii 4500
003 JO-AjNU
008 230605s9999||||xx |||||||||||||| ||und||
040 _aJO-AjNU
_bara
_erda
_cJO-AjNU
041 _aara
050 1 4 _aRB145.S8 1985
100 3 _aالسبكي ، زينب، م مشارك يسرى جبر ,
_eauthor
_949880
245 0 0 _aالدم ومشتقاته
264 3 1 _aالقاهرة:مكتبة نهضة مصر ومطبعتها ، 1985
300 _a201ص
336 _atext
_btxt
_2rdacontent
337 _aunmediated
_bn
_2rdamedia
338 _avolume
_bnc
_2rdacarrier
650 4 _aالدم وانوعه
_949881
999 _aA21937
_c25505
_d25505